| 000 | 00528nam a22001697a 4500 | ||
|---|---|---|---|
| 003 | CEME | ||
| 005 | 20210628210129.0 | ||
| 008 | 210215b xxu||||| |||| 00| 0 eng d | ||
| 040 | _c. | ||
| 082 | _a005.3 MCS | ||
| 100 |
_aDolcini, M Baum, Davina _978218 |
||
| 245 | _aMcsc complete core requirement full coverage of every objective in the core mcsc exams | ||
| 260 |
_aSAN FRANCISCO _bSYBEX _c1999 |
||
| 300 | _aXXVI,996P | ||
| 650 |
_aNETWORKING ESSENTIALS NT SERVER 4 NT WORKSTATION 4 WINDOWS 98 _978219 |
||
| 942 |
_cBK _2ddc |
||
| 999 |
_c583376 _d583376 |
||